<The> IMF's policies and the employment <the> Latin American experience

Guardado en:
Detalles Bibliográficos
Autor principal: Villarreal, René
Formato: Libro
Lenguaje:inglés
Publicado: México Colegio Nacional de Economistas 1980
Etiquetas: Agregar Etiqueta
Sin Etiquetas, Sea el primero en etiquetar este registro!

MARC

LEADER 00000nam a2200000 4500
001 c140818
005 20061107135900.5
041 0 |a eng 
044 |a MX 
245 1 0 |a <The> IMF's policies and the employment  |b <the> Latin American experience  |c René Villarreal 
264 1 |a México  |b Colegio Nacional de Economistas  |c 1980 
300 |a 29 s. 
100 1 |a Villarreal, René